Every Extreme Demon in Geometry Dash - Statistics

General Stats
  • This quiz has been taken 6,815 times
    1,414 since last reset
  • The average score is 126 of 1507
Answer Stats
Publisher Level Name % Correct
Riot Bloodbath
92%
Ggb0y Cataclysm
80%
Knobbelboy Bloodlust
78%
Luqualizer Silent Club
76%
Atomic Thinking Space
75%
lSunix Sonic Wave
74%
OniLinkGD Tidal Wave
73%
TheRealSailent Silent clubstep
72%
saRy Red World
71%
IcEDCave Slaughterhouse
68%
CairoX Thinking Space II
68%
iMist Amethyst
67%
UNarwall Flamewall
65%
MindCap LIMBO
64%
ryamu Acheron
63%
MindCap Every End
61%
neigefeu Acu
59%
TDiamond Sakupen Circles
59%
RealMatter Null
58%
APTeamOfficial Sonic Wave Infinity
57%
ItzDolphy Tartarus
57%
TrusTa Yatagarasu
57%
BIANOX Zodiac
57%
ItzKiba Nullscapes
56%
Riot Red World Rebirth
54%
TrusTa Sakupen Hell
53%
PockeWindfish Avernus
52%
Akunakunn BOOBAWAMBA
52%
BoldStep Erebus
52%
Platnuu ErebuS
52%
BoBoBoBoBoBoBo The Golden
52%
KrmaL Black Blizzard
50%
KrmaL Phobos
50%
nikroplays Anathema
48%
Insxne97 andromeda
48%
TrickGMD Firework
48%
Serponge Sonic Wave Rebirth
48%
IIExenityII aftermath
47%
ViPriN Artificial Ascent
46%
KrmaL xo
45%
Exen Abyss of Darkness
44%
npesta Kenos
44%
cherryteam KOCMOC
44%
Andromeda GMD The Ultimate Phase
44%
EndLevel | ItsHybrid Deimos
43%
ViPriN Digital Descent
43%
Riot Quantum Processing
43%
ItzKiba Shardscapes
43%
vortrox Stereo Extremeness
41%
Manix648 Blade of Justice
38%
CursedZ Subsuming Vortex
38%
Dorami The Yandere
38%
KrmaL Falling Up
37%
KrmaL | MadisonYuko Heartbeat
37%
nikroplays Allegiance
36%
KrmaL Conical Depression
36%
Renn241 Eon
36%
xander556 Spectre
36%
CDMusic Edge of Destiny
35%
xSmokes Plasma Pulse Finale
35%
Renn241 Saul Goodman
35%
Dorami The Yangire
35%
Renn241 walter white
35%
TCTeam Codependence
34%
Spectruh Down Bass
34%
ViPriN HyperSonic
34%
nikroplays Renevant
34%
vortrox Time Extreme
34%
Souls TRK AcropoliX
33%
Drakosa Delta
33%
Demishio Kyouki
33%
MannyHeffley Menace
33%
IIKugelBlitzII SARY NEVER CLEAR
33%
MindCap Sigma
33%
maxfs arcturus
32%
KrmaL Low Death
32%
xSmokes Plasma Pulse III
32%
ViPriN SubSonic
32%
Knobbelboy Astral Divinity
31%
Renn241 Quanteuse processing
31%
Augi Wasureta
31%
IIExenityII Athanatos
30%
Presta Congregation
30%
TrueOmega Crimson Planet
30%
JonathanGD Dark Odyssey
30%
BoldStep Killbot
30%
MindCap Omega
30%
Akunakunn Tunnel
30%
LazerBlitz Auditory Breaker
29%
EndLevel Cognition
29%
Akunakunn limbo but uwu ig idk
29%
btLisp poocubed
29%
Linear2 Solar Flare
29%
JonathanGD BuTiTi III
28%
komp Hard Machine
28%
TeamN2 The Hell Factory
28%
ViPriN Cybernetic Crescent
27%
Gablor kowareta
27%
Exen Tunnel of Despair
27%
TeamN2 A Bizarre Phantasm
26%
APTeamOfficial Apocalyptic Trilogy
26%
para Cold Sweat
26%
GXQ Defeated Circles
26%
Platnuu Delta Interface
26%
MindCap Gamma
26%
Renn241 Jesse Pinkman
26%
TheShadowRealm PanaSonic
26%
Stormfly The Hell World
26%
JonathanGD The Lost Existence
26%
f3lixsram 8o X
25%
Metalface221 Arctic Lights
25%
LIEB ATOMIC CANNON
25%
Dice88 Oblivion
25%
WOOGI1411 Retention
25%
IcEDCave SUPERHATEMEWORLD
25%
Stormfly The Hell Zone
25%
LIEB ATOMIC CANNON Mk II
24%
RoiMousti BBBBBBBBBBBBBBBBBBBB
24%
AleeXhey Death
24%
MrSpaghetti EX
24%
Pennutoh Freedom08
24%
Pennutoh Generic Wave
24%
SrGuillester Nhelv
24%
Teno niwa
24%
Platnuu Omega Interface
24%
ViPriN Ouroboros
24%
neigefeu RUST
24%
cherryteam Waterfall
24%
Sillow | royen Azurite
23%
Pennutoh Bausha Vortex
23%
ItsHybrid Keres
23%
Teno Kuzureta
23%
GDSkele Silentlocked
23%
GdTheTactiq Stalemate Redux
23%
NineDice UNKNOWN
23%
Mulpan X0
23%
Darwin ZAPHKIEL
23%
LIEB ATOMIC CANNON Mk III
22%
Walroose Calculator Core
22%
Rustam Devil Vortex
22%
nothawkyre Eyes in the Water
22%
SyQual Subterminal Point
22%
crohn44 Sunset Sandstorm
22%
ItzNisha Verdant Landscape
22%
BlassCFB WcropoliX
22%
herozombie80 Deadlier Clubstep
21%
lSkyJax Fexty
21%
AZuLer4 Hatred
21%
Namtar NecropoliX
21%
vit12 ORDINARY
21%
aartos SARYYX NEVER CLEAR
21%
Platnuu Sigma Interface
21%
SyQual The Hallucination
21%
nikoberry VOID
21%
alkali super probably level
20%
VelYT Sweater Weather
20%
lavatrex The Lightning Rod
20%
SyQual Trueffet
20%
lTemp Balengu Vortex
19%
bloodshot Bass Cave
19%
weoweoteo Betrayal of Fate
19%
DustyBud Cobweb
19%
EndLevel Fragile
19%
Renn241 Gustavo Fring
19%
Zafkiel7 Idols
19%
ZeroSR Lotus
19%
LordVadercraft Mayhem
19%
CDMusic MINUSdry
19%
Coopersuper8 Prisma
19%
CatGeo Prismatic
19%
cherryteam Sevvend Clubstep
19%
Stormfly The Hell Origin
19%
nothawkyre Viprin UFO
19%
TeamN2 Artificial Ideology
18%
Findexi Carnage Mode
18%
APTeamOfficial Cosmic Cyclone
18%
Rustam Deception Dive
18%
KrmaL Elite Z Rebirth
18%
StarkyTheSalad Lotus Flower
18%
Knobbelboy Ragnarok
18%
MadisonYuko Shukketsu
18%
Havok The Hell Bird
18%
TrusTa WOW
18%
SrGuillester 2 1 1
17%
IcEDCave Cat Planet
17%
McCoco CHIL
17%
tenzk Dry Out Copyable 2
17%
RatQuesadilla Frozen
17%
Rob Buck Glowy
17%
CairoX Lucid Nightmares
17%
KrmaL M A N I X
17%
Jenkins NEUTRA
17%
Cirtrax Prismatic Haze
17%
Zylenox Requiem
17%
Awedsy Sink
17%
fin The Flawless
17%
cherryteam Belladonna
16%
TheParadoxTeam Frozen Cave
16%
iIiViRuZiIi Hyper Paracosm
16%
Ggb0y Infernal Abyss
16%
dutchiee Mizureta
16%
EndLevel Promethean
16%
amplitron shimmer
16%
Mercury6779 Shimmer
16%
Stormfly The Hell Dignity
16%
TheLasaga The Hell Nutz
16%
EndLevel Aerial Gleam
15%
SirWafel Alpha
15%
Prism Altered Ascent
15%
f3lixsram Artifice
15%
GoodSmile Audio Extraction
15%
Galaxxyss BEELINE
15%
Sminx Belloq
15%
Pennutoh Cadrega City
15%
ZephiroX Catalyze
15%
zdeadlox Crowd Control
15%
Noriega Fingerdash v3
15%
GrenadeofTacos Freedom19
15%
Quaybus Frost Spirit
15%
MoistyJc Gaggatrondra
15%
BIGMAC77 Ithacropolis
15%
BIGMAC77 IthacropoliX
15%
NEKONGAMES Jigsaw
15%
Jeyzor Matilda the Machine
15%
MadisonYuko Midnight
15%
We4therMan Misty Mountains
15%
VanDerVals network
15%
Agat3 NETWORK
15%
Team Proxima Omicron
15%
Quiken Pumped Up Kicks
15%
Wahffle Sinister Silence
15%
lTemp Spectrum Cyclone
15%
DanZmeN TANTRUM
15%
lexycat troll level
15%
cherryteam Void Wave
15%
vortrox Welcome To GD News
15%
Demishio Widestep
15%
DanZmeN Bang Gang
14%
Cersia Cersia Madness
14%
Cersia COMBUSTION
14%
femboy CONVULSION
14%
Zeroniumm Crystal
14%
Sillow Forbidden Isle
14%
crohn44 Glide
14%
L4TeZk Io
14%
fwefwe KOSETSU
14%
Knobbelboy Molten Gear
14%
EndLevel Mystic
14%
iIiLaSeRiIi Natural Disaster
14%
lTemp New Record
14%
vismuth Niflheim
14%
Lemons Paroxysm
14%
Extravagon Precipitance
14%
RoiMousti Rate Demon
14%
llZestll Redemption
14%
Stormfly The Hell Field
14%
Zylenox Triple Six
14%
Blad3m Uprise
14%
Lemons Anoxysm
13%
EndLevel Aquatic Auroras
13%
iIiViRuZiIi Artificial Dream
13%
Grax Broken Signal
13%
Cersia Cersia Difficult
13%
Renn241 CHROMA FINALE
13%
Renn241 CHROMA II
13%
Cirtrax Chromatic Haze
13%
NineDice Cobwebs
13%
BIANOX CYCLONE
13%
ThePurgatory Dark Dimension
13%
Enzeux Dolos
13%
Team Proxima Epsilon
13%
notesxd Fog
13%
DShifter Freedom16
13%
PlebKingdom Fusion Z
13%
lexycat moment
13%
T G I Necromancer
13%
Flosia | ViPriN Quaoar
13%
Stormfly Silentium Gradas
13%
KazaGD Swing Swing
13%
Xyriak Terminal Rampancy
13%
Kyhros TORN
13%
TROLLM4CHINE TROLLMACHINE
13%
VotcHi Akashic Records
12%
GoodSmile Audio Expulsion
12%
Surv Breakout
12%
AlrexX BYE
12%
TCTeam Cadrega Mode
12%
gruzzy Checked Steam
12%
AlrexX Crackhead Circles
12%
kiseta Edge of the Blade
12%
PureDinoMight EKO
12%
SyQual Esfera
12%
MrLorenzo FirePower
12%
Kapycta999 | Sillow FIREPOWER
12%
Metalface221 FRIDAY
12%
BIANOX HURRICANE
12%
Jenkins Incipient
12%
Armadeus Kappa
12%
HangerLord Knights of Thunder
12%
iNubble Maybe Possibly Thing
12%
LmAnubis Night Rider
12%
GhostVandalf qoUEO
12%
nSwish Rage
12%
Mo5h r a g e
12%
Eclipsed Spacial Rend
12%
LaZye Step To Hell
12%
DeniPol Tenth Circle
12%
RoiMousti Ziroikabi
12%
Kapinapi Ziroikapi
12%
Rimexon Ascent
11%
TheKris Aurora
11%
Inex BPATA MPAKA
11%
Asuith Carcano
11%
MindCap Celestial Force
11%
amplitron Coalescence
11%
DreamZoneGD ConClusion
11%
Zeniux Critical Heat
11%
Dzeser Damascus
11%
IvashkaUA doradura
11%
DanZmeN EnvY
11%
ImMaxX1 ETERNAL
11%
ItsHybrid | Krazyman50Real Instinct
11%
KazaGD IRIS
11%
HangerLord Judgement Knights
11%
Step4enko lezicuv
11%
weoweoteo Marathon
11%
Janucha Molten Core
11%
Metalface221 N0
11%
Marwec Napalm
11%
TMco Scream Machine
11%
Enfur Starlit Stroll
11%
awesomeme360 the super hotdog
11%
thejshadow Throat of the World
11%
sparktwo Through The Decay
11%
BIANOX TORNADO
11%
cherryteam Trotil
11%
N R G Under lavaland
11%
Golden A2Marbl
10%
Eclipsed Arctic Arena
10%
Sink Awedsy
10%
Dorami Azure Fiesta
10%
Moffe Barbaros Finale
10%
Waivve Breakout Redux
10%
Varse CITRA
10%
fwefwe | rnexel Collapse
10%
davphla Diligence
10%
MCres DISCONNECT
10%
Zeroya Ethereal Artifice
10%
Cersia Friday Vortex
10%
DaGYT Graceful
10%
CairoX Infinite Chaos
10%
CairoX Lucid Chaos
10%
theParadoxTeam no jokes
10%
Halzion Operation Evolution
10%
foodynooby Ouroboros Startpos 2
10%
Spu7Nix Place
10%
DeniPol PSYCHOPATH
10%
GrenadeOfTacos Quantum Dynamix
10%
HeroZombie80 Quantum Theory
10%
GaidenHertuny Reverie
10%
SleyGD RGB
10%
Dan2D Rigel
10%
Akunakunn Scrubbabingo force
10%
Giron Sky Tech
10%
mbedsun SL8O
10%
amplitron Snowbound
10%
Pengi1 Starlight Summit
10%
IINimbusII Storming Summit
10%
MadisonYuko The Abyss
10%
mbed The Art of the Blade
10%
Stormfly The Hell Inferno
10%
Daneeko THE J
10%
Zacanaii The Paroxysm of Rage
10%
Dolabill The Plunge
10%
Ka1ns The Rupture
10%
NiCkNaMe09 The Salt Factory
10%
o1iv3 The Tower XXII
10%
vit12 The Ultimate Demon
10%
TCTeam Titan Complex
10%
AeonAir To The Stars II
10%
Flukester Twisted Tranquility
10%
KrampuX Visible Ray
10%
mbed We Are Not The Same
10%
awesomeme360 XxXxXxXxXxXxX
10%
Jenkins Zettabyte
10%
awesomeme360 ZOOOOOOOOOOOOOOOOOOM
10%
Jeyzor 4 Matilda
9%
Exen Aronia
9%
Pennutoh ATMarbl
9%
Juhou Awakening Horus
9%
SaturMan Axinie
9%
awesomeme360 BarbarosFinaleFinale
9%
Alphirox Based Gang
9%
NekonGames Black Flag
9%
nothawkyre Call Me Maybe
9%
spcreat Cimmerian Shade
9%
HushLC Climax
9%
awesomeme360 Coral Cave
9%
Zeniux Crystal Crusher
9%
ImMaxX1 DISSONANCE
9%
HelpegasuS Factory Realm X
9%
ZeroSR Faith
9%
Split72 FURY OF 500
9%
KazaGD gravity
9%
Enfur Guideless Goobering
9%
Derpskull Heart Attack
9%
stcubing hot rod
9%
ItsHybrid Hyper Paradox
9%
Renn241 i hate renn
9%
Kaito INNARDS
9%
Moffe Launchpad Labyrinth
9%
L4TeZk Lithium
9%
Darmuth loop
9%
ZephiroX Macabre
9%
Akunakunn me when machine gang
9%
WOOGI1411 Pentakill
9%
Patchimator Polish Alphabet
9%
rdeactive POW
9%
robianny Robi
9%
Kaito SPEEDRUN
9%
Snowr33de SUBVERSIVE
9%
Dorami Violently X
9%
Hypno Voltage
9%
Smarted WOBBLING MACHINE
9%
Elevens Air Tech
8%
Vexiion Asmodeus
8%
Exen Asterios
8%
ThePurgatory115 Clown Control
8%
CairoX Concaved Memories
8%
DreamZoneGD ConTroller
8%
cherryteam cytokinesis
8%
KeiAs Dark Flare
8%
KiwiPenguin Decay
8%
Wespdx Deep Bass
8%
f3lixsram Demonicat
8%
GrenadeofTacos Descent Into Exile
8%
Zeroniumm Diamond Disco
8%
TheSkeletonGMD Disconnected Descent
8%
Jeyzor Dole Damos
8%
SleyGD Escape Room
8%
KeiAs Fabrication
8%
LIEB Falcon16
8%
IcEDCave Fever Dream
8%
mwzn geography dash
8%
PLoLek Henken
8%
Shrc Horros
8%
AlrexX i hate you
8%
shmigels Ion
8%
Akunakunn Jupiter My Favourite
8%
koko43 lodin da fish washer
8%
Enfur Loops of Fury
8%
YGYoshi Mujigae
8%
Rlol night party
8%
YakobNugget Nightshade
8%
Demishio Ourwa
8%
Cersia | Yakimaru Pandemonium
8%
ZephiroX Penombre
8%
Nwolc Penultimate Phase
8%
Loltad RASH
8%
Wulzy Redemption Arc
8%
AudieoVisual RIVERS OF NAZARETH
8%
GDgalaxygaming Robot King
8%
rose rosedynamix
8%
SurJaco RUTHLESS
8%
Xolarzz Silentium Clavas
8%
MrLorenzo Tapwreck
8%
99percent TeaM Z
8%
Doggie The Gins II
8%
Billzer THE JET ENGINE
8%
PlebKIngdom UltraSans
8%
iiLuna Untitled
8%
para untitled unmastered
8%
vaen vaenstep
8%
Metalface221 Volume
8%
Lemons WaveBreaker
8%
Kapycta999 Ykds1479ymdppr
8%
Lfritz Yuh
8%
Renedi Acrozis
7%
Zylenox Annihilation Nation
7%
nasgubb Apollo 11
7%
Manix648 Armageddon
7%
Marwec Atmos
7%
Duque01 | Ka1sa Aura
7%
TrusTa Berserk
7%
Splash Betrayal of Destiny
7%
Farva Blood Echo
7%
Darwin CICADA3302
7%
DreamZoneGD ConFusion
7%
Moosh CORRODERE
7%
Pennutoh Cosmorush 21
7%
BIANOX DARKENED
7%
Lfritz Ddiamond
7%
Split72 DEAD OF NIGHT
7%
TMco Dead Of Night
7%
bosjoker Destruction 19
7%
alkali distraught
7%
Renn241 Dumbest Girl Alive
7%
L4TeZk Edge of the World
7%
Zafkiel7 ElectroLux
7%
iRainstorm Eternal Moment
7%
Doggie Exosphere
7%
Neostic FLOAT
7%
Failure444 Furious Flames
7%
GDZenmuron Golden Club
7%
Nightning GONER
7%
NindyBK Gracefully
7%
Nico99 Heat Wave
7%
EnciGD in this
7%
Texic Just DANCE
7%
dongchi Light Travel
7%
TheBlackHell Lost Love
7%
Ryamu Make It Drop
7%
Darwin MELTDOWN
7%
zdeadlox Mind Control
7%
Galaxxyss MISFIRE
7%
crohn44 Moving Forward
7%
IShardI niflhel
7%
Gryllex Novalis
7%
meowdead nowdead
7%
blakejm Phantasma
7%
whlt phantasmagoria
7%
Janucha Phantasmagoria
7%
Mazl Photovoltaic II
7%
ThePrimeEvil Poltergeist Reborn
7%
btLisp poocu4ever
7%
Ilnm Reanimate
7%
Custi SAND SAILOR
7%
cherryteam Shinigami
7%
Arb Shock Therapy
7%
dorvict Sky Shredder
7%
ta1lsdoll ta1LSD0ll
7%
Cinny TheCinnyBun
7%
vit12 The Ultimate Return
7%
MadisonYuko Twilight
7%
Loltad Worse Trip
7%
ewop 1330X
6%
Sardina 9blue
6%
Metalface221 Abandoned Planet
6%
Dienid ABEL
6%
XLSpiral Amalgam
6%
MrSpaghetti Ancestral Calamity
6%
Anya21 Anya III
6%
Filqh Axiom Asterism
6%
AlbinoSnail azure blast
6%
LP44 Bangarang
6%
ARtu | Mattsstuff Biohazard
6%
DigitalZero Boogie
6%
Awedsy Calamity
6%
shaggy23 CholeriX
6%
MCres CONNECT
6%
MadisonYuko Decks Dark
6%
Giron Digital Disarray
6%
ryli06 DIRECTIONS
6%
wormfodder Doop
6%
vit12 eclipse
6%
Chom Extinction
6%
SrGuillester Game Over
6%
RoiMousti Grill Kill
6%
Canonlaw Helios
6%
ASBCHazel Hidden in the Sand
6%
IcEDCave Icotact
6%
YouknowwhoGD IDOL19
6%
Flukester Infinite Iniquity
6%
motheye KINGSLAYER
6%
Espii Komodo
6%
cherryteam La Llorona
6%
WOOGI1411 Libertas
6%
GunnerBones MadMansion
6%
ImMaxX1 memories
6%
T G I Missing Benefits
6%
NinKaz Monitor
6%
gmdmann Mystic Bounds
6%
Mulpan My Worst Demon Level
6%
reshiria Neon Skyline
6%
Renn241 of Ambrosia
6%
Mojitoz Reflective
6%
WHErwin Removed Submission
6%
TheBlackHell Retention Rush
6%
Woom reverence
6%
Zeptrus Sazerix
6%
joker179114 Shukufuku
6%
OliSW Shutdown
6%
Sminx SIGSEGV
6%
Bratki Snowdrift
6%
Dorami Snowfall Fiesta
6%
pocke sunburn
6%
nabbbbbb SUPERMAYOHATECLUB
6%
TMNGaming Surge of Memories
6%
PleoSlim RMD Tech Manifestation
6%
ItsHybrid Tempered Steel
6%
HidekiX Tenkai
6%
VulgarisAerae Terminux
6%
JamAttack The Cellar Path
6%
Hechie The Fog
6%
YoReid The Sulphur Sea
6%
ColorBolt Timor
6%
NoobyPro27 Without U
6%
GDSkele XRAY
6%
Vismuth Yggdrasil
6%
MannyHeffley Adelucid
5%
IvanCrafter026 | wapon77 Adrenaline
5%
SyQual Aesthetic
5%
Aimbotter2123 Aimbotter Force
5%
Eridani AKIRA
5%
Asuith Alcatraz
5%
MadisonYuko Anahita
5%
Cersia Another Phase
5%
Rynoxiouss Artificial Climb
5%
VoidSquad Atmosphere
5%
MadisonYuko Brimtanic Paradise
5%
Meroo Castling
5%
roadkiller chrome hearts
5%
MaxxoRMeN CITYFADE
5%
Hypno Clarity
5%
Killa Corrosion
5%
Mojitoz Deflective
5%
TeamSmokeWeed Delebit Oblivio
5%
yunotyou Diamonds For Dashers
5%
Rustam Disaster Dive
5%
YakobNugget Disentombed
5%
Multiverse55 Dismal Duststorm
5%
stanstanmansan DsinK
5%
GiggsRH Dump
5%
DuskerHu Dusker Processing
5%
DreamTide Endless Dream
5%
Zafkiel7 Esencia
5%
saturnnn EXPLICIT
5%
AirSwipe Explosion
5%
YoReid Falling Maze
5%
Pennutoh Final Epilogue
5%
whoiskeve FISH FISH GODMODE
5%
RadiationV2 Flappy Dynamix II
5%
YoReid Floating Outskirts
5%
Agat3 Framework
5%
Metalface221 Gang Plank Hell
5%
solarion Gloxinia
5%
awesomeme360 GO bird
5%
GrenadeofTacos Goldcrest Palace
5%
notlsa Halberd
5%
GD Iris Hateful Reflection
5%
Mercury6779 Indivine
5%
skywalker14 I NEVER DREAM
5%
Zalgaryth Karasu
5%
ARtu Karma
5%
Tricipital Labyrinth
5%
StarkyTheSalad LD50
5%
PrankOrigami Le Fishe
5%
hechie LUMINA
5%
TwisterDude161 Manic Machine
5%
meowdead meow hard
5%
Golden Mirage
5%
shmigels miss you
5%
ItsHybrid Molten Mercury
5%
f3lixsram Monstercat
5%
nabbbbbb Nabil Let Go
5%
Havok Occult Outcry
5%
KlaurosssS Overtime
5%
Seturan Pagoda
5%
fhewi PixelSonic
5%
Valentlne QDYNAMIX
5%
Milos482 Raindance
5%
James RAM
5%
Acute144 RANDOM ACCESS MEMORY
5%
SurJaco RELENTLESS
5%
Renn241 REPENTLESS
5%
Zeptrus sarthix
5%
Renn241 Shmarley Ville
5%
SpinStudios Shotgun
5%
MaxxoRMeN Sides Of My Mind
5%
BIANOX SINGULARITY
5%
VirtualCrack Skrrah
5%
ZephiroX Solarion
5%
Ryder Spectrum Rave
5%
Geogamer12 Surge of the Shield
5%
jakerz95 Sysmique Locked
5%
BIANOX The Antimatter
5%
fakeblast The Hell Tribute
5%
notlsa The Mainframe
5%
Onvil The Moon Below
5%
Kyhros The Reaper
5%
Patchimator Thunder Alphabet
5%
FunnyGame Tron
5%
YakobNugget Unearthed
5%
ZenThriXGD VendetTa
5%
PAHC | notLevo Vertigo
5%
FakeHATETAG vortex
5%
Skyavoxii Wavterminal
5%
JAVP White Album
5%
HJfod Zenith
5%
cherryteam 0 Techno
4%
Zeptoz | ZeroSR aether
4%
Aimbotter2123 Air Fryer
4%
Failure444 Alpha Baa X
4%
Metalface221 Ancient Travel
4%
GDSkele Aurorae
4%
iIiViRuZiIi Auroral Darkness
4%
Filqh Avalanche
4%
Emariii AVALANCHE
4%
kodex360 Backlights
4%
ThePurgatory115 Bete Noire
4%
whlt BLACKLIGHTS
4%
ArtaxFerSarh BROWNOIX
4%
Zeroniumm Budding Roses
4%
purzin Carbon
4%
JustaGDplay3r Caution
4%
NateFH cerebral hemorrhage
4%
Enfur Cluttered Confusion
4%
KEaliTgeo CONVOLUTION
4%
Akunakunn Coolie Mazie Paloozi
4%
vyp Cupid
4%
ZenthicAlpha Daybreak
4%
Yendis Daydream
4%
royen Dedohexdragon
4%
SoDaZ Devils Disco
4%
Dalfa Dimensional Breaking
4%
BIANOX Dimension Breaker
4%
Ka1sa Disruption
4%
GhostVandalf DMG CTRL
4%
Kapycta999 Dreams
4%
loogiah DubKore X
4%
SleyGD Ecstasy
4%
Filqh ECSTASY
4%
exactteam EGO KILLING
4%
Mulpan Elliptic Curve
4%
Kivvvi Empyrean
4%
Bizaare Endurance
4%
Yoonsr Evangelion
4%
spcreat Excruciation Chamber
4%
MaxiKD Fabricated Thoughts
4%
DreamTide Faded Dream
4%
Chloe Fallen Horizon
4%
TMco FARBIDI THEORY
4%
Vlacc FIFTY THREE
4%
qalli find the answer
4%
SouljaBoyCrankD Fishe
4%
YoReid Floating Maze
4%
TeamSmokeWeed Galactic Shift
4%
Alphirox Gentlemens Clique
4%
Squizaaard GLISTEN
4%
TCTeam Glitched Memories
4%
dpoopoop glungus
4%
Eclipsed GridLocked
4%
KuraiYonaka Hardry
4%
pocke headlock
4%
llertt help
4%
J27Blaze Hopping Over Puddles
4%
Xyriak Hydraulic Overdrive
4%
AVRG ILOVECYAN
4%
Mojitoz Inflective
4%
Plexidit Instant Execution
4%
spark iridium
4%
AirSwipe Iris of a Puppeteer
4%
HangyKing it back
4%
JustJohn Jamboree
4%
Lebi06 JeonGi
4%
Eefy77 Jetpack Trials
4%
Sminx Kinetic Bypass
4%
Konsi limitless
4%
Nerhy Loochiverse
4%
WireMuncher lovel
4%
TheGalaxyCat Luxtra
4%
Enlex Malware II
4%
xSlendy Marlboro reds
4%
oleki Maths
4%
the4n1ma memories III
4%
xSlendy milo
4%
Insidee | Sivlol MINIMUM
4%
IINimbusII Mirrored Calamity
4%
Enfur Miscellaneous Memory
4%
Toughfey Myocardia
4%
MrPoopyBurger my worst level
4%
KiwiPenguin Neurostasis
4%
Metalface221 Never Beat It
4%
HHyper Omorfia
4%
DrCuber On1y Cub3
4%
Varse OPSM1
4%
Kohtpojiep Overlord
4%
awesomeme360 Party Rock Anthem
4%
SpergQuos Proteus
4%
surveyor23 REDEEMER
4%
Madeliene robotchief exposal
4%
Waterbound Sank
4%
Sillow SECTOR 19
4%
TheRealXFuture Semicolon 3
4%
iRainstorm Sephiroth
4%
efext SHATTER
4%
Spectex Shock Breaker
4%
RpgRaketti SisuSonic
4%
awesomeme360 SorryForPartyRocking
4%
MannyHeffley Stasis
4%
SamMaxx Stellaluna
4%
Woom STRATUS
4%
Exofr Sunk
4%
Zeniux SZYSLAK
4%
iiLuna Tesseract
4%
Ryan LC The Red Coronation
4%
Cersia Thunderzone
4%
HappyMoby Time Lapse
4%
Ryder Torgue
4%
Raivolt Torsion
4%
Kivvvi Totem
4%
nikoberry TURN THE LIGHTS OFF
4%
ItsHybrid Twisted Titanium
4%
Kapycta999 Twitch Denan
4%
oleki U235
4%
An Gyung UNG
4%
kovosrutek UNLEASH WHALE WHALES
4%
MaxxoRMeN Video
4%
TeamUprising Virtual Collapse
4%
Renn241 Vociferous
4%
Szilu Wacky McWhackface v2
4%
para Want Me
4%
stanstanmansan Warios Gold MinE
4%
Aimbotter2123 Wind Storm
4%
VigorousGard3n Wintertime
4%
Akunakunn xuser morelike luser
4%
iMinAY 0 mind
3%
sink 22 Trials of PAIN
3%
royen 4Elements
3%
LordeQuacc 4ucked Up
3%
Swib ADOMANIA
3%
iObsidion Advanced AirStream
3%
awesomeme360 any percent
3%
StarkyTheSalad APEX
3%
IronIngot Ballistic Funk
3%
Zanna83 Betelgeuse
3%
23jabeln Bimu
3%
ZeroSR boson
3%
Zafkiel7 Brain Power
3%
SirPotatOwO Cerebral Torment
3%
GiaMmiX ChopStep
3%
Wintter Cicatrize
3%
ThePurgatory115 Clock tower
3%
Rynoxiouss Collect All Pets
3%
Kapycta999 Come to Daddy
3%
Fafenel court circuit
3%
Crerro Crerro Kaizo I
3%
Crerro Crerro Kaizo II
3%
NateFH Crippled Depression
3%
Relayx Cromulent
3%
MinAY Cybersonic
3%
DrayTM Dance of the Violins
3%
Flex Dark Rivalry
3%
kodex360 Disastrous Downpour
3%
AgarOther Draco Meteor
3%
KiwiPenguin Dreamer
3%
Zeptoz Duplication
3%
awesomeme360 Dyad
3%
motheye Electric Forest
3%
Swib ELLIPSISM
3%
Looou Empanadas Fugaces
3%
Ellisha Exotic Energy
3%
Jghost Farthest Outpost
3%
Loc9e FEEL ALIVE
3%
Xinpa Ferrum Frenzy
3%
Mulpan FinKor
3%
krenogd FLAMETHROWER
3%
TheRealXFuture follow me CLOSELY
3%
Turtl123 four
3%
Cersia Fragmented
3%
Pennutoh Free For All 2
3%
TwisterDude161 FusionDynamix
3%
xSlendy Galaxy Gas
3%
Polarbeahr Gaming
3%
ZoinkDoink Gaming 35
3%
Kapinapi GBS
3%
Wintter GewErbiX
3%
XavT Ghoul
3%
shmigels gloss
3%
APTbutAwesome goober land
3%
Zeniux HeatSeeker
3%
Pavlaxan ikaros
3%
No ob i loved you
3%
Filqh Infinite Inversion
3%
ByBoy 11 Insaction
3%
LastPrismAlex Interstellar Entropy
3%
Smarted Jumping Demons
3%
HelpegasuS Junk Realm
3%
Kz04 Kanpai
3%
shmigels laranja azul rosa
3%
dashiell10 Lights Out
3%
SirSplash LIMU
3%
n1ckxd Me Lin A
3%
ImMaxX1 Melon River
3%
Akunakunn Metalic Destruction
3%
Nabbbbbb Microsoft DriveThru
3%
TwisterDude161 Motorbreath
3%
akunakunn MOTOR MOGOK
3%
ryli06 NIGHTLIGHTS
3%
NeyvaShift Novasphere
3%
Szilu Nunri
3%
Kapycta999 Ogue
3%
TheRealXFuture OneAttempt
3%
Insidee OOPZ
3%
LP44 Our Fountain
3%
MannyHeffley Out of Chaos
3%
Jinnans OVERKILL
3%
Blueskiii Pale Machine
3%
thazm Paralysis
3%
LimeTime313 phosphorescent
3%
burningmagma Pimu
3%
JumpingTheory Plasmatic
3%
Goobfrudla Ploink
3%
Cancel PLUS ULTRA
3%
Astrala POINTIERCRATE
3%
AAAAAlex Pootis Engage XTREME
3%
Platnuu Pound Town
3%
ewop PROTOFLICKER
3%
Multiverse55 PROTON LAUNCHER
3%
burningmagma Qimu
3%
Arb Reactor Core
3%
SubStra reeses potentially
3%
HazelSZL Rift
3%
ewop ROW
3%
koko43 ruber cash 22
3%
ASBCHazel Ruler of Everything
3%
DreamLightGD Ryft
3%
AleeXhey Shape of the Sun
3%
Xanii Shibui
3%
Devilmine Shimmering Chamber
3%
ItsHybrid Sinister Incision
3%
iownfish Sleep
3%
MzeroGD Sparkling
3%
VigorousGard3n Springtime
3%
Magmeta Static Ignition
3%
royen Supernova
3%
ColorBolt Tempest Tornado
3%
loogiah TerrorCore
3%
Rynoxiouss the wiener
3%
Konsi Thorny Path
3%
Xinpa Time Pulse
3%
Moonix37 Timu
3%
MadisonYuko Tower of Infinity
3%
Feijoaoa TUAPEKA
3%
vyp ULTRA VIOLET
3%
whlt verisimilitude
3%
qMystic very rusty pipeline
3%
fCrouley Vignette
3%
kaacu violetwall
3%
Varse VIRTUE
3%
JustXSoos Voided
3%
AAAAAlex Voltaic
3%
Sruj Voluto
3%
plusxenon Vortex of Time
3%
TwisterDude161 Warning
3%
hexitine water demon
3%
Squizaaard White Noise
3%
Galaxxyss Wild Rose
3%
uhEllyza wtf
3%
XavT X84
3%
zJinoBeats Xronier
3%
MASSIVESATAN Zurb
3%
TestFiles 3x3
2%
Orelu 4imu
2%
shmigels A Berry
2%
BowtieGD ABSURDIA
2%
Vizitek Agony
2%
Imjum Aksion
2%
L4TeZk All In
2%
AlvaroRH99 ANNIHILATED
2%
Annon Apparition
2%
Kolros716 Ascension
2%
xHeiDax ASHES
2%
Jakalope Astrophobia
2%
ItsXZ Aureole
2%
Anirium Auroral Valhalla
2%
cordeaux AUX cord
2%
fakeblast Beyond Hell
2%
MCres Beyond the summit
2%
GDSkele BLIND
2%
zodycoder Bloom
2%
IceboxOG Blue Suns Zenith
2%
Ka1sa Booh
2%
Azuvy BOOST
2%
Bordonn Bordon Factory
2%
DiamondDemon935 Boreas
2%
DracoZeon Bored Walk
2%
lappwv Bouncy Ball
2%
InfernuZ BRAINROT
2%
plxzTM BRAINWASH
2%
robotchief BRKMGB8GJCZ
2%
TheRealXFuture BURNOUT
2%
Gablor BuZzKiLl
2%
L4TeZk Callisto
2%
Devilmine can i have mod now
2%
xSlendy Carbon Fiber
2%
ImMaxX1 cave of heart
2%
Bontic Ch1ll Puddy
2%
Lia Chainsaw
2%
TheJosiahTurner Cheyenne
2%
Orelu Chief Needler
2%
perpori Cimu
2%
efext Circuit Breaker
2%
DigitalWarpstar cloudscape
2%
Avanna CLOWNS
2%
RubrumP Cobalt hell
2%
MrSupremeGD Cold Level Go BRRRR
2%
Bizaare Color Beam
2%
CybayaGD corrupted volume
2%
Aquatias Cosmic Ray
2%
Ryder Crimson Citadel
2%
OnlineplaY Declassification
2%
bosjoker Destination 19
2%
domi77 Devotion
2%
ewop Dismay
2%
xSledgehammer Dream City
2%
TrueInverse DREAMING
2%
GDikonic Dust Bowl
2%
Galaxxyss dusty travel
2%
MinAY Echoes of Neon
2%
dkitey ECSTASIS
2%
hexitine Edelweiss
2%
MrSupremeGD Effect II
2%
SeptaGon7 Eleos
2%
Arsid EMPTINESS
2%
e3ea encroaching dark
2%
nyseoul Enlightened memories
2%
St1ngGD Entropy
2%
Vizitek Erosion
2%
Kacurroo Eternal Dreams
2%
ProGGCyrus eternal entropy
2%
L4TeZk Europa
2%
PentuGD Falsch
2%
iownfish Fimu
2%
Whippie37 Frenzy
2%
RadiationV2 Frightful Melody
2%
Blaster1337 FTW
2%
64x GANGIMARI
2%
kalculus19 gardening map
2%
Df0rDie Generic Glow Level
2%
ImMaxX1 GEODE
2%
Nelll Glacial Torrent
2%
BloomOcean Grand Eclipse
2%
GangstaSpongebo Graphite World
2%
TMco Heavens Door
2%
GoldenSource HELIX
2%
LEOPUS Helix
2%
Enlightenment Hexagonestestestest
2%
QuazeryIceCube Hollow
2%
notlsa Huellas En La Nieve
2%
MaxyLAND Hydratic
2%
Mercury6779 Hyperchaos
2%
Filqh Icefall
2%
Hero3210 Illusion
2%
haetherhayes imitation game
2%
handsomeorange inanimate INSANITY
2%
Kapinapi Incandescent
2%
Somie In Circles
2%
vonic INFLAMMABLE INFUSION
2%
Hidden4125 I Wanted To Sleep
2%
RadScorpionGD Jail Break
2%
Laayte Jimu
2%
ImMaxxX1 JRJRJR
2%
OliSW Kebnekaise
2%
Kapycta999 Kjdf8314jlfssf
2%
WaRiox KUB
2%
PikaSempai Last Station
2%
Akunakunn Le Midd Mapperoonies
2%
LinuDi LinuGi
2%
issanagay Liz
2%
Elvii Lonely Lights
2%
awesomeme360 love0
2%
Insidee Lovers Sadness
2%
superigg lunar
2%
shmigels maddening
2%
Darcii Make it funky
2%
GD ParaDoX Mandragora
2%
Norbex MasmeCrescent
2%
Xinpa Masochism
2%
McCoco Mazemory
2%
DreamEater Mecha Mayhem
2%
CairoX Metal Requiem
2%
iHermes Mjolnir
2%
Snarlax523 MONSTROSITY
2%
Lykoz NEBULA
2%
ItzAdrift Nemesis
2%
doneditboye Neon Guts
2%
TwisterDude161 Neon Mixtape Tour
2%
Teno NetzWerk
2%
EidamGD nevermore
2%
Zeptoz Nightmare Chasm
2%
Eridani Obscura
2%
jbooster obsession
2%
joker179114 oGo
2%
DuskerHu Once Again
2%
awesomeme360 OUCH
2%
TheRealXFuture OUTPUT SPRING
2%
OliXor Outside Eyesight
2%
Sycro OXI
2%
Alass Paranoid Android
2%
royen Pessimism
2%
Pukklez Piano Woman
2%
Hypno Polygonal Paradox
2%
soumpeixe Project alter
2%
Superkobster Project BUZZKILL
2%
koko43 project girlboss
2%
NEKONGAMES Project Nexus
2%
Wyntaee Pro Lov Ad
2%
SpranktonGD pulsation
2%
TwisterDude161 Quadratic Function
2%
MadisonYuko Rabbit Hole
2%
DavidConcal radio tower
2%
LLoom RAINBOW GIRL
2%
Airzyy Raisins
2%
Elevens Realtered
2%
GrenadeOfTacos Recrystallize
2%
WayAway04 ReVolution Unleashed
2%
dpoopoop rimu
2%
TypicalGMD RTX ON
2%
xSlendy Screaming
2%
deThe Sephtis
2%
JAVP Sewers
2%
asmallsock SHINE
2%
clncrvl Showdown
2%
stcubing SHURIMA
2%
rafabirds SLAY MOMENT
2%
notGed Snowfall Storm
2%
Wyntaee snowing in las vegas
2%
ElectriDark Spirit House
2%
Chloe squeak
2%
DreamZoneGD Steel Terrors
2%
koko43 STICKS FOR BONES
2%
nikverr Stop Breathing
2%
rtnman Storm Front
2%
TeamE12 Stygian Machinery
2%
TwisterDude161 Supreme Demon Mix
2%
Koopazu Swirling Serenity
2%
Vlacc Synergy
2%
Mulpan Tenebris
2%
G4lvatron Terminal Heaven
2%
Edooox Tesseract Force
2%
Zeptoz Th3Dev0n
2%
Bram4Real The Depths Above
2%
Plushiest The Man With No Eyes
2%
IFFFFFFFFFFFF The Tears Beneath
2%
will1will1will1 The Winged Sword
2%
truongwf THIS CITY LIT
2%
vRidge To The Blue Moon
2%
Vizitek To the Exosphere
2%
GDAchlys Toxic Sewers
2%
Hero3210 Triadic Trials
2%
BiBox Turnt Temp
2%
IceRodGD Twilight Spire
2%
shrympo Unfair Evening
2%
Tim1K Universe on fire
2%
TheRealPeng Unknown Civilization
2%
SkylarkyXD Uplink
2%
vonic Vexatious
2%
skzyl Vivacious
2%
purplegalaxy Welcome to your mind
2%
Bimms WORSTBRAINMAP
2%
wonduu wutend
2%
GeoNoRway Xeriscape
2%
jbooster XtC
2%
Kai316 YeeSangHaeYo
2%
mariokirby1703 Yimu
2%
Enfur YIPPEE
2%
sillymn your brain on brain
2%
No ob .
1%
krenogd 100HEX
1%
shebam 15 Step
1%
Astrala 2 Comme le vent
1%
IIIGamBiTIII 3ABNCNMOCT6
1%
Ultimxte Advent Aurora
1%
Exscher A Fleeting Reverie
1%
Unbihexium Agen Wida
1%
TestFiles Ambidexter
1%
maxis044 ameliorate
1%
Pncsr Antonymph
1%
XavT Apotheosis
1%
Cubical7 Ascension Tower
1%
xTet AUTONOMICA
1%
ZeroSR Basil
1%
NDagger Beatpulse
1%
BaimDaKing Begin
1%
SleyGD Bitcrusher
1%
charifma BOINKERS
1%
crazyllama burn to dust
1%
AlaskaFX Canneles au chocolat
1%
AAAAAlex Carmine Cascade
1%
SunCOMoon Casino Of Envy
1%
MVXgameS CASIO HELLBURST
1%
DustyBud Chaos Ball Theory
1%
EnTrix23 Chub Chub
1%
Hero3210 Complementary Cruise
1%
Zipixbox Controlled Chaos
1%
AlrexX Cosmic Cluster
1%
4yoet CRIDIUM
1%
itzCybercube Crime and Punishment
1%
playeruan Crowded Void
1%
kedavra Curie
1%
ThatJack Cyberstorm
1%
fourtex Dance Til Dawn
1%
euuiiii Delete File
1%
SupaCLUCK Delicious Dogs
1%
SnoopInc DEOGEN
1%
Billzer DESOLATE
1%
NinSam Destinies
1%
TheRealXFuture DETERNARY
1%
ItzJitterbug325 devins thorn zone
1%
ryli06 devoid
1%
Blaster1337 Disastrous DanceOff
1%
KEaliTgeo dish rags
1%
kingsman265 Disintegrate
1%
iamfinley Distortion
1%
ryli06 DREAMS TAKE OVER
1%
Gablor Dualies
1%
Mistically Dual Pulse
1%
Astronaut21 Dungeon Treasures
1%
NateFH EdenCity
1%
BGames Empress Blades
1%
Blaster1337 EnCrypted
1%
easymode Entrenched
1%
BLOEM Ergonomic Chair
1%
8BitFudge Ethereal Entity
1%
luhlamar EVENT HORIZON
1%
LengthyRat Evil Depths
1%
namirashik Existentia
1%
ClingingBog Expedition
1%
Blogde Extremoduro
1%
Texic Fabulous
1%
TheRealXFuture FAULTY CODE
1%
rkyde Fellow Phobia
1%
dewpidergaming Feverest Dream
1%
eggyburstmagic fire emoji
1%
TestFiles Fluxion
1%
PlayerHungry Flyway
1%
Ultramouk forgotten veil
1%
ShinichiVN Fractured Dreams
1%
meowmastererer Free Solo
1%
Jeyzor FRUSTRATION
1%
idleunam Funnyname Funnygame
1%
neoraptor Future Chaos
1%
Bordonn FUTURE DEMON MACHINE
1%
WireMuncher Gateway
1%
DezonGD Geochroma Reminisce
1%
MineCat9000 Geometrical Dominato
1%
LudiumGD Give Up II
1%
Imjum Glimmer
1%
Howler Glitch Control
1%
EntiqueGD Glory
1%
Rynoxiouss Godspeed
1%
krakow1918 Golden Flare
1%
LLoom GREAT FURY OF HEAVEN
1%
Airz Grind District
1%
ItsXZ Hades
1%
Custi HALL OF THE HOOKKING
1%
Arturlist HAPPY PILLS
1%
Cubical7 Happy World
1%
oleki Hazy Memories
1%
Custi HOOKIN UP WITH CUSTI
1%
Iconixx Hyper Ascent
1%
exsii HYPER GRAVITRON
1%
Twandash HyperHyperHyperHyper
1%
Smarted Ice Climbers
1%
Azuvy IMAPHONE
1%
No ob im happy 4 you
1%
NotCyanide Im Leaving
1%
Sedgehog IMMORTALITY
1%
Filqh IMOISTAR
1%
henryDS Impasse
1%
iITesseractIi Infinite Highway
1%
ImNotNuub inMind
1%
Exorsus12 Insane Techniques
1%
Hypno Inside
1%
KEaliTgeo Intersummisse
1%
KEaliTgeo Intervallum
1%
s3batr0nic INTO PETALS
1%
Pasiblitz Intrusive ID
1%
Legoyoshi3 IWannaPlatformerList
1%
Enlightenment i wanna rob the top
1%
ilnm La Cueva
1%
GD Gecko last ship was cool
1%
Cejelost Last Stop
1%
Bedrock Lateral Myst
1%
LikeGG Lava Trials II
1%
MadisonYuko Lets All Love Lain
1%
ShawDowBoy Lightness
1%
Aeyooo Loose Screws
1%
Tuna310 Lovestruck
1%
ThiKn LXE
1%
TheLasaga Magic
1%
JohnNwaogu Magnificent Gaps
1%
Aimbotter2123 Malevolent Maelstrom
1%
BIGMAC77 Maniamatic
1%
vRidge Masterpiece
1%
LightINovel MewneI
1%
irsdorkage Midnight Tokyo
1%
FuZeBomB mischievousmechanism
1%
TheBlackHell Momentary Affection
1%
LupoDZN morning vibe
1%
notged25 MORPHINE
1%
SnowEye multi arm
1%
sayonarofc My Own Funeral
1%
YraX Nacreous Snowmelt
1%
Wyntaee neighborhood
1%
Foxdee NEKOTINE
1%
Moffer NeRUaL
1%
PikaSempai Ninobytte
1%
AngelBracano No Ember
1%
Sergio el nino NO MORE
1%
YouknowwhoGD Northern Essence
1%
GabestGD Nuclear Alarm
1%
cordeaux ONVIL FACTORY
1%
TwisterDude161 PAINFUL PLAYLAND
1%
jemmathecube Perfect in Place
1%
raixe Pingas21
1%
danielsbadkarma PISTON
1%
Meloo Pitfall Caverns
1%
Xepheron Platscapes
1%
skywalker14 playing possum
1%
FakeHATETAG Pointless Park
1%
YraX Power Grid
1%
ch4rlie03 Psychotic
1%
Custi PURE VALE
1%
Lykoz Rayovac
1%
CyberBT Reaper Lair
1%
FVIII recollection
1%
Tinraz Red Moon
1%
Hypno Remember
1%
fursona reset your mind
1%
GDSkele Reunite
1%
Bemq Revolution 1993
1%
AAAAAlex Runtime Error
1%
JoacoPe25 SANTA FE
1%
AirSwipe Sapphire Angel
1%
TheBlackHell Scattered n Lost
1%
newSakePlayS SCORCHING LANDSCAPE
1%
SundayGMD Seaglass Foundry
1%
AAAAAlex SEGFAULT
1%
XDjoa shattered lens
1%
Leksitoo Siniristi
1%
Ghotstav Sky Conflux
1%
LeleGqme Sleeptalk
1%
Enfur SMARTISH MODE
1%
thazm SMASH
1%
theParadoxTeam Sodium
1%
luhlamar SOLEIL
1%
swoli Solstice
1%
Polarbeahr Soundwave
1%
QuazeryIceCube Spacious Senses
1%
gBen Specthys
1%
addsomething Spectrum Split
1%
whlt squelch
1%
Arkki stand in the snow
1%
ClingingBog STARBREAKER
1%
TNTking531 Starlight Cyclone
1%
JH1235 Steelworks Bounce
1%
mariokirby1703 Stickerbush Symphony
1%
lazrer story 2
1%
mephhh Stressed Out
1%
GHHH SUMMER
1%
TheRealWeenside Supercharged
1%
At242 SUPERCONDUCTOR
1%
vARIKOZ super kontik
1%
iIPrototypeIi SUPER SERIOUS WORLD
1%
YoStarYeahya SWAP CORE
1%
LLorca TASSAR
1%
Javixed4 Techno Flashes
1%
pierce60 Tech X
1%
handsomeorange the DEADLANDS
1%
Tinraz THE DRIP TRIP
1%
fusion425 The First
1%
greencubed The Grotto
1%
Bram4Real The Old Trail
1%
JustWaaf THE PRINCE
1%
ImMantaa The Rainbow Switch
1%
Xkahan The Sun
1%
RadScorpionGD Through time
1%
notged25 Titanic Thunderstorm
1%
Emily419 tran la luot
1%
MMANH Treatment Facility
1%
thazm TREMORS
1%
lappwv Trouncy Ball
1%
TwisterDude161 Turbulent Valley
1%
NesiaL Twilight Coexistence
1%
Crerro Uhm Huh
1%
Zpicy unsaved changes
1%
kr4t UnveiL
1%
Lykoz Up and Down
1%
BuiltInMacro Vacant
1%
Failcat VALOVI
1%
SeoRo Vanish
1%
HangyKing vast waters
1%
Crysticai Venom Valley
1%
Yakimaru Vermilion
1%
Enfur Violet Illusions
1%
fitatfi Visurient
1%
MadisonYuko Void World
1%
IcyWindy V O L L E Y
1%
oliverbum Voyager 1
1%
royen Wayback Array
1%
Cypherr Weald
1%
FakeHATETAG We Forgot Everything
1%
FakeHATETAG Whg3 Lv5
1%
kreno WHITE LIGHT
1%
ZoinkDoink Witching Hour
1%
mariokirby1703 Xenolith
1%
xYsoCereal x steampunk x
1%
MaLiaN Zinhwa
1%
GS12 Absolute Anarchy
0%
sayonarofc ABSTRAKTIA
0%
CirclezGD ACHROMATISM
0%
Orelu Aerios
0%
vLibra Aquanemesis
0%
ComodoQc axium
0%
DavidConcal Blocktober Casino
0%
dpoopoop cabbit
0%
Yerylik Charge
0%
nnexterr Coldest Winter Yet
0%
Keleru CONVEYOR
0%
CreatorCreepy Creepy Needle
0%
Crerro Current Current
0%
xParallels DASHER
0%
ParadoxTI Deadramino
0%
vLibra Death of the Divine
0%
Chloe Delightfall
0%
kwezy depth
0%
ComodoQc echos du silence
0%
itzCybercube ECT6 KOHTAKT
0%
TheRealXFuture ENTANGLEMENT
0%
Samamba Estufa
0%
No ob ETERNAL ENDING
0%
sycor Evil Inside
0%
thejshadow Exaltation
0%
newSakePlayS Facility Collapse
0%
pumpkininabox fish in the sink
0%
sharkdex font by robtop
0%
IvanCrafter026 Fulmination
0%
PikachuFan42 FURY TECH
0%
2ItalianCats gallery
0%
dewpidergaming GetFixedBoi
0%
ThiKn Guidance
0%
IplmaI Hevenly Echo
0%
Orelu Hidden Horizons
0%
Andromity Hyperliminal
0%
Snoozzzing i just wish i could
0%
KATALYSM Iliobasilema
0%
Gelforce In the Generator
0%
waterpump INTUITION
0%
gabinq Jard Factory
0%
Szilu Koantaoh
0%
TheRealPeng KOLOR KORE
0%
No ob Life and Beauty
0%
Mistically Lit Path
0%
ThiKn LobaXmasTower
0%
sillymn lost summary
0%
Zomore Luma
0%
Santiachu MAKE ME SAD
0%
iownfish Mechanical Warehouse
0%
vLivra Medramint
0%
TheSac9009 Meisou Hanabi
0%
KATALYSM Mesabisos
0%
perpori Myrce
0%
Doshterhoz Nextphase
0%
newSakePlayS NIGHT RUNNER
0%
FroxyPlay Noble Plague
0%
WT80 Nostalgia
0%
BGames Novae Project
0%
procurador Plastic Flowers
0%
KadziGD POURING
0%
Brynn0e Ritual of Calamity
0%
shynethecreator S3NT1M3NT
0%
btwmag serenity
0%
Zentraa Shirakami
0%
ItsPedroca silent hills
0%
farstove Sleepover ii
0%
Waterbound Sleepwalking
0%
CHUZA SoulbounD
0%
razsta4ax Stereo Smasher
0%
KingEggplant987 stormpunk
0%
MyCatsHellaFat Strabit
0%
Luvery Summer Sky
0%
Interstellar ca Technopunk
0%
Alpha rainbow Tenochtitlan
0%
2ItalianCats the guards mission
0%
iownfish The Observatory
0%
IcyWindy The Savannah Citadel
0%
gr8ness The SMR Collection
0%
IshmaelBahamut Tomb of the Pain
0%
Ivelll Tragedy in 5 acts
0%
Waaffllee Trxpping Eyebxlls
0%
NightThemeGMD Twisted Reality
0%
Chloe Uh Oh
0%
No ob unwell
0%
Nerhy Vantablack
0%
StyphonTV Verbogen
0%
Anyvix Walk to the midnight
0%
Crerro Whats The Point
0%
FarAwayLand Whoopsie Gravy
0%
vsowanted Withering Gallery
0%
No ob WRISTS UNTIED
0%
blackdashh Zenith Of The Sky
0%
No matching quizzes found
Score Distribution
Percent of People with Each Score
Percentile by Number Answered
Your Score History
You have not taken this quiz since the last reset